Ухаарахуй (Бичлэгийн дугаар. 72477)

MARC дэлгэрэнгүй
000 -Удирдлага
Ном зүйн бүртгэл тоо буюу кодлох утгыг агуулсан 01326 a2200229 4500
003 - ХЯНАЛТЫН ТОО ТОДОРХОЙЛОГЧ
Код MN-UlNLM
005 - ХАМГИЙН СҮҮЛИЙН ҮЕИЙН ХЭЛЦЛИЙН ОГНОО БА ЦАГ
Тухайн бичилтийг бичсэн засварласан сүүлийн огноо. 20220628115954.0
008 - ЕРӨНХИЙ МЭДЭЭЛЭЛ-ЭЛЕМЕНТҮҮДИЙН ӨГӨГДЛИЙН УРТ
fixed length control field a130t2013 mp ||||| |||| 00| 0 mon d
040 ## - ЭХ СУРВАЛЖИЙГ ТОДОРХОЙЛОН БИЧИХ
Анхны каталогийн байгууллага Монгол Улсын Үндэсний номын сан
084 ## - БУСАД АНГИЛЛЫН ДУГААР
Анги 84(0)
Ангиллын нэр Номын сан номзүйн ангилал
Зохиогчийн 3-н тэмдэгт У 609
Шинжлэх ухааны мэдлэгийн салбар Уран зохиол - 84
110 ## - ДЭЭД ГАРЧГИЙН МЭДЭЭ
Эрхлэн гаргасан байгууллагын нэр Топ Инфо Ти Ви
245 1# - ҮНДСЭН ГАРЧИГ
Гарчиг Ухаарахуй
Гарчигт хамааралтай мэдээ Сургамжит өгүүллэгүүд
Оролцогчдын тухай мэдээ Орч. Т.Ундармаа, Л.Мөнхжаргал
-- Ред. Б.Энхтуяа
260 1# - ГАРАЛТЫН ТУХАЙ МЭДЭЭ
Хэвлэгдсэн он 2013
Хэвлэгдсэн газар УБ
Хэвлэлийн газар Улаанбаатар принт.
300 ## - ТООНЫ МЭДЭЭ
Хуудасны тоо 97х
Бусад тоон мэдээлэл Зур.
490 ## - БОТИЙН/ЦУВРАЛЫН ТУХАЙ МЭДЭЭ
Ботийн/Цувралын дугаар 1
546 ## - ХЭЛНИЙ ТУХАЙ МЭДЭЭ
Хэл
653 ## - ТҮЛХҮҮР ҮГС
Түлхүүр үг Уран зохиол
-- Өгүүллэгүүд
740 ## - НОМЫН АГУУЛГЫН ГАРЧИГ
Номын гарчгууд Хэцүү асуулт.
-- Хүний биеийн хамгийн чухал хэсэг нь юу вэ?
-- Бурханы эхнэр.
-- Үр ургуулагч.
-- Ээжийн минь найман худал үг.
-- Чулуун шөл.
-- Завгүй.
-- Гал тогоон дахь газрын зураг.
-- Бяцхан ургийн өдрийн тэмдэглэл.
-- Хүн чанарын хэмжигдхүүн.
-- Зүрхний сорви.
-- Хайрлана гэдэг өмчлөх сэтгэл биш.
-- Чонын бэлтрэг ч цагаан сүү амсаж өсдөг.
856 ## - ЭЛЕКТРОН БАЙРЛАЛ БА ХОЛБООС
Төрөл Хэвлэмэл ном
942 ## - ЭЛЕМЕНТИЙН ТӨРӨЛ
Төрөл Ном
Захиалгууд
Буцаан татагдсан төлөв Хасагдсан шалтгаан Гэмтсэн төлөв Данс заагч Захиалах боломжгүй Үндсэн номын сан Одоогийн байршил Салбар танхим Сан хөмрөг 5 Бүртгэсэн огноо Тавиурын заалт Баркод Үнэ Хамгийн сүүлд байсан огноо Салбар Нийт уншлаганд гарсан тоо Хамгийн сүүлд уншлаганд гарсан огноо Төрөл Бүрдүүлэлтийн эх үүсвэр Уншигчдад зориулсан мэдээлэл
          МУҮНомын сан салбар МУҮНомын сан салбар МУҮНС салбар | Язгуур танхим 8 давхар МУҮНС салбар | Язгуур танхим 8 давхар 2021-08-30 86980 02086980 8900.00 2021-08-30 0000020869 29 2019-10-12 Ном    
          МУҮндэсний Номын сан МУҮНомын сан салбар МУҮНС салбар | Гэр бүлийн танхим 2 давхар МУҮНС салбар | Гэр бүлийн танхим 2 давхар 2021-08-30 86982 02086982 8900.00 2023-03-14 0000020869 14 2021-02-25 Ном    
          МУҮНомын сан салбар МУҮНомын сан салбар МУҮНС салбар | Язгуур танхим 8 давхар МУҮНС салбар | Язгуур танхим 8 давхар 2021-01-25 86981 02086981 8900.00 2022-12-09   38 2022-12-09 Ном    
          МУҮндэсний Номын сан МУҮНомын сан салбар МУҮНС салбар | Гэр бүлийн танхим 2 давхар МУҮНС салбар | Гэр бүлийн танхим 2 давхар 2021-01-25 86985 02086985 8900.00 2023-03-14   15 2020-09-14 Ном    
          МУҮНомын сан салбар МУҮНомын сан салбар МУҮНС салбар | Цахим танхим 3 давхар МУҮНС салбар | Цахим танхим 3 давхар 2022-01-10 307 000911000307 5240.00 2022-01-10       Цахим материал Худалдан авсан Киндлээр уншина